[Event "SLO-chT2 West"]
[Site "Komenda"]
[Date "2019.11.17"]
[Round "4.5"]
[White "Ravnik, Franc"]
[Black "Turkovic, Igor"]
[Result "0-1"]
[WhiteElo "1871"]
[BlackElo "1789"]
[PlyCount "109"]
[EventDate "2019.11.15"]
[EventType "team-tourn"]
[EventRounds "9"]
[EventCountry "SLO"]
[SourceTitle "EXT 2024"]
[Source "ChessBase"]
[SourceDate "2023.10.10"]
[SourceVersion "1"]
[SourceVersionDate "2023.10.10"]
[SourceQuality "1"]
[WhiteTeam "Jesenice Acroni"]
[BlackTeam "Dolenjske Toplice"]
[WhiteTeamCountry "SLO"]
[BlackTeamCountry "SLO"]

1. e4 c5 2. Nf3 Nc6 3. c3 g6 4. Bc4 Bg7 5. 0-0 d6 6. d4 cxd4 7. cxd4 Nf6 8. Nc3 0-0 9. d5 Na5 10. Bd3 b6 11. Bg5 Bd7 12. e5 dxe5 13. Nxe5 Nb7 14. Nc6 Bxc6 15. dxc6 Nc5 16. Be2 Rc8 17. Bf3 Qd3 18. Qe1 Qf5 19. Bh4 Rfe8 20. Rd1 Nd3 21. Qd2 Ne5 22. Bd5 Nxc6 23. Bxf6 Qxf6 24. Qd3 Nb4 25. Qb5 Nxd5 26. Rxd5 Qc6 27. Nd1 Qxb5 28. Rxb5 Rc2 29. a4 Rec8 30. b4 Bd4 31. a5 e6 32. axb6 axb6 33. g3 h6 34. Kg2 Ra8 35. h4 Ra4 36. Re1 Rc4 37. Ne3 Bxe3 38. Rxe3 Raxb4 39. Rb3 Rxb3 40. Rxb3 Rc6 41. Kf3 h5 42. Ke4 Kg7 43. f3 Kf6 44. Rb4 Ke7 45. Rd4 b5 46. Rb4 Rb6 47. Kd4 Kd6 48. f4 f6 49. Rb2 b4 50. Kc4 e5 51. Rd2+ Ke6 52. Kb3 Kf5 53. fxe5 fxe5 54. Rf2+ Kg4 55. Re2 0-1

[Event "SLO-chT1 West"]
[Site "Slovenia"]
[Date "2018.10.27"]
[Round "8.6"]
[White "Jelen, Miha"]
[Black "Ravnik, Franc"]
[Result "1-0"]
[WhiteElo "1894"]
[BlackElo "1887"]
[PlyCount "121"]
[EventDate "2018.09.28"]
[EventType "team-tourn"]
[EventRounds "9"]
[EventCountry "SLO"]
[SourceTitle "CBM 187 Extra"]
[Source "ChessBase"]
[SourceDate "2018.11.04"]
[SourceVersion "1"]
[SourceVersionDate "2018.11.04"]
[SourceQuality "1"]
[WhiteTeam "Ig"]
[BlackTeam "Jeenice Sij Acroni"]
[WhiteTeamCountry "SLO"]
[BlackTeamCountry "SLO"]

1. e4 e5 2. Nf3 d6 3. d4 exd4 4. Nxd4 Nf6 5. Nc3 c6 6. Be2 Be7 7. 0-0 0-0 8. Be3 Re8 9. f3 Bf8 10. Qd2 d5 11. exd5 Nxd5 12. Nxd5 Qxd5 13. Rfe1 Qh5 14. Bf2 Nd7 15. f4 Qh6 16. Bd3 Rxe1+ 17. Rxe1 Nf6 18. Nf5 Bxf5 19. Bxf5 Nd5 20. g3 Qf6 21. Qd3 g6 22. Be4 Rd8 23. Qb3 b6 24. c3 Qd6 25. Rd1 Qe6 26. Bf3 Qc8 27. Bxd5 cxd5 28. Rxd5 Re8 29. Qb5 Re7 30. Qd3 Qg4 31. Qd1 Qe6 32. c4 Qe2 33. Qc1 Qf3 34. Rd2 Re6 35. a3 Qa8 36. Qc3 Qe8 37. b4 Bg7 38. Qd3 Bf6 39. Qd7 Qa8 40. c5 bxc5 41. bxc5 Qe4 42. h3 Kg7 43. Qxa7 Bc3 44. Rd7 Qb1+ 45. Kg2 Qe4+ 46. Kh2 Qf5 47. Re7 Rf6 48. Re2 Qd3 49. Qe7 Qa6 50. Qe3 Ba1 51. Rd2 Re6 52. Qd3 Qc6 53. Bd4+ Bxd4 54. Qxd4+ Kh6 55. Qc3 Qb5 56. Rg2 Rc6 57. g4 f6 58. g5+ Kg7 59. gxf6+ Rxf6 60. Rb2 Qe8 61. Rb6 1-0

[Event "Latschach op 30th"]
[Site "Latschach"]
[Date "2014.08.09"]
[Round "1"]
[White "Ravnik, Franc"]
[Black "Rotstein, Arkadij"]
[Result "0-1"]
[WhiteElo "1920"]
[BlackElo "2497"]
[PlyCount "60"]
[EventDate "2014.08.09"]
[EventType "swiss"]
[EventRounds "9"]
[EventCountry "AUT"]
[SourceTitle "CBM 161 Extra"]
[Source "ChessBase"]
[SourceDate "2014.08.29"]
[SourceVersion "1"]
[SourceVersionDate "2014.08.29"]
[SourceQuality "1"]

1. e4 c5 2. Nf3 e6 3. Bc4 Nc6 4. 0-0 a6 5. a4 Nf6 6. Re1 d6 7. d3 Be7 8. Nbd2 0-0 9. Nf1 Rb8 10. c3 b5 11. Bb3 b4 12. Bc2 Nd7 13. c4 Nd4 14. Nxd4 cxd4 15. f4 Nc5 16. b3 e5 17. f5 Bg5 18. Qg4 Bxc1 19. Raxc1 g6 20. Ng3 Kh8 21. Rf1 Rg8 22. Qe2 Qg5 23. Rce1 h5 24. Qf3 h4 25. fxg6 hxg3 26. gxf7 Rf8 27. Qf6+ Qxf6 28. Rxf6 gxh2+ 29. Kxh2 Be6 30. Ref1 Kg7 0-1

[Event "Latschach op 29th"]
[Site "Latschach"]
[Date "2013.08.10"]
[Round "1"]
[White "Ravnik, Franc"]
[Black "Zozulia, Anna"]
[Result "0-1"]
[WhiteElo "1897"]
[BlackElo "2316"]
[PlyCount "62"]
[EventDate "2013.08.10"]
[EventType "swiss"]
[EventRounds "9"]
[EventCountry "AUT"]
[SourceTitle "CBM 155 Extra"]
[Source "ChessBase"]
[SourceDate "2013.08.26"]
[SourceVersion "1"]
[SourceVersionDate "2013.08.26"]
[SourceQuality "1"]

1. e4 c5 2. Nf3 e6 3. d4 cxd4 4. Nxd4 Nc6 5. Nxc6 bxc6 6. Bd3 Nf6 7. 0-0 e5 8. Nc3 Be7 9. f4 d6 10. fxe5 dxe5 11. h3 Qb6+ 12. Kh2 Be6 13. b3 h5 14. Qf3 Ng4+ 15. Kh1 Rd8 16. Na4 Qc7 17. Kg1 Nf6 18. Bb2 h4 19. Qe2 Nh5 20. Rf3 Nf4 21. Qf1 Rh6 22. Bc1 Rg6 23. Bxf4 exf4 24. Re1 Qe5 25. Qf2 Rg3 26. Kh2 g5 27. Qd2 Ba3 28. Rxg3 hxg3+ 29. Kg1 Qd4+ 30. Kh1 Bg4 31. Qc3 Qxc3 0-1

[Event "Latschach op 25th"]
[Site "Latschach"]
[Date "2009.08.08"]
[Round "1"]
[White "Rotstein, Arkadij"]
[Black "Ravnik, Franc"]
[Result "1-0"]
[WhiteElo "2534"]
[BlackElo "1941"]
[PlyCount "37"]
[EventDate "2009.08.08"]
[EventType "swiss"]
[EventRounds "9"]
[EventCountry "AUT"]
[SourceTitle "CBM 131 Extra"]
[Source "ChessBase"]
[SourceDate "2009.09.03"]
[SourceVersion "2"]
[SourceVersionDate "2009.09.16"]
[SourceQuality "1"]

1. e4 c5 2. Nf3 Nc6 3. d4 cxd4 4. Nxd4 Nf6 5. Nc3 a6 6. Nxc6 dxc6 7. Qxd8+ Kxd8 8. Be3 e5 9. 0-0-0+ Ke8 10. Bc4 b5 11. Bb3 a5 12. a3 b4 13. axb4 axb4 14. Na4 Nxe4 15. Rhe1 Be6 16. Bb6 Bxb3 17. cxb3 Ng5 18. f4 Ne6 19. f5 1-0

[Event "Feffernitz Raika op 17th"]
[Site "Feffernitz"]
[Date "2008.08.22"]
[Round "7"]
[White "Piber, Vinko"]
[Black "Ravnik, Franc"]
[Result "1-0"]
[WhiteElo "1925"]
[BlackElo "1972"]
[PlyCount "91"]
[EventDate "2008.08.17"]
[EventType "swiss"]
[EventRounds "9"]
[EventCountry "AUT"]
[SourceTitle "CBM 126 Extra"]
[Source "ChessBase"]
[SourceDate "2008.11.05"]
[SourceVersion "1"]
[SourceVersionDate "2008.11.05"]
[SourceQuality "1"]

1. e4 c6 2. d4 d5 3. Nd2 dxe4 4. Nxe4 Bf5 5. Ng3 Bg6 6. h4 h5 7. Nf3 Nd7 8. Bd3 Bxd3 9. Qxd3 e6 10. Be3 Ngf6 11. 0-0-0 Qc7 12. Ng5 Ng4 13. N3e4 Nxe3 14. fxe3 Be7 15. Rdf1 Nf6 16. Rh3 Rh6 17. a3 Qd7 18. Nd2 b6 19. e4 Rd8 20. e5 Qxd4 21. Qxd4 Rxd4 22. exf6 Bxf6 23. Nde4 Rg6 24. Nxf6+ gxf6 25. Nf3 Rf4 26. Rh2 e5 27. Nd2 Rfg4 28. Rf2 Ke7 29. Kd1 Ke6 30. Ke2 f5 31. Nf1 f4 32. Nd2 Kf5 33. Kf1 e4 34. Re2 e3 35. Nf3 Rd6 36. b4 Rd5 37. Re1 Rg8 38. Rh1 f6 39. Rg1 Ke4 40. Ke2 a5 41. bxa5 Ra8 42. Rb1 Rdxa5 43. Rb4+ Kf5 44. g3 fxg3 45. Nd4+ Kg6 46. Nxc6 1-0

[Event "Feffernitz Raika op 17th"]
[Site "Feffernitz"]
[Date "2008.08.21"]
[Round "6"]
[White "Ravnik, Franc"]
[Black "Juhasz, Kristof"]
[Result "0-1"]
[WhiteElo "1972"]
[BlackElo "2175"]
[PlyCount "48"]
[EventDate "2008.08.17"]
[EventType "swiss"]
[EventRounds "9"]
[EventCountry "AUT"]
[SourceTitle "CBM 126 Extra"]
[Source "ChessBase"]
[SourceDate "2008.11.05"]
[SourceVersion "1"]
[SourceVersionDate "2008.11.05"]
[SourceQuality "1"]

1. e4 c6 2. d4 d5 3. Nc3 dxe4 4. Nxe4 Nf6 5. Nxf6+ gxf6 6. Bf4 Bf5 7. Nf3 Qb6 8. b3 e6 9. c3 Nd7 10. Bd3 Bg6 11. Qe2 0-0-0 12. Nd2 Qa5 13. b4 Qh5 14. g4 Bxd3 15. gxh5 Bxe2 16. Kxe2 Nb6 17. Nb3 Nd5 18. Bd2 Bd6 19. h3 Rhg8 20. Rhg1 Bf4 21. Rg4 Bxd2 22. Kxd2 f5 23. Rg3 Nf6 24. Ke3 f4+ 0-1

[Event "Feffernitz Raika op 17th"]
[Site "Feffernitz"]
[Date "2008.08.18"]
[Round "3"]
[White "Fruechel, Marcel"]
[Black "Ravnik, Franc"]
[Result "1-0"]
[WhiteElo "1805"]
[BlackElo "1972"]
[PlyCount "99"]
[EventDate "2008.08.17"]
[EventType "swiss"]
[EventRounds "9"]
[EventCountry "AUT"]
[SourceTitle "CBM 126 Extra"]
[Source "ChessBase"]
[SourceDate "2008.11.05"]
[SourceVersion "1"]
[SourceVersionDate "2008.11.05"]
[SourceQuality "1"]

1. d4 Nf6 2. c4 e6 3. Nc3 d5 4. Nf3 c6 5. cxd5 exd5 6. g3 Bd6 7. Bg2 0-0 8. 0-0 Bg4 9. Ne5 Bf5 10. Nd3 Re8 11. Nf4 b5 12. Bd2 a5 13. f3 Ra7 14. Re1 Rae7 15. Rc1 h6 16. Nh3 Bc7 17. Bf4 Bb6 18. g4 Bg6 19. Nf2 Nh7 20. Qd2 Nf8 21. Bg3 f5 22. Bh4 Bc7 23. gxf5 Bxf5 24. e4 Bh7 25. Bxe7 Rxe7 26. exd5 b4 27. Nce4 cxd5 28. Ng3 Ne6 29. Bh3 Ng5 30. Kg2 Rf7 31. Be6 Nxe6 32. Rxe6 Bf4 33. Qe1 Rf8 34. Rc5 Bc7 35. Ng4 Bb6 36. Rb5 Bxd4 37. Re7 Kh8 38. Rbb7 Nc6 39. Rbd7 Qb8 40. Rb7 Qd8 41. Rec7 Qd6 42. Qc1 Nd8 43. Rb8 Ba7 44. Rxd8 Rxd8 45. Rxa7 d4 46. Ne4 Qg6 47. Kh1 Re8 48. Qf4 Bg8 49. Ne5 d3 50. Nxg6+ 1-0

[Event "Bled op-B 25th"]
[Site "Bled"]
[Date "2008.02.25"]
[Round "4"]
[White "Ravnik, Franc"]
[Black "Krasevec, Viktor"]
[Result "0-1"]
[WhiteElo "2000"]
[BlackElo "2046"]
[PlyCount "121"]
[EventDate "2008.02.23"]
[EventType "swiss"]
[EventRounds "9"]
[EventCountry "SLO"]
[SourceTitle "CBM 122 Extra"]
[Source "ChessBase"]
[SourceDate "2008.03.04"]
[SourceVersion "1"]
[SourceVersionDate "2008.03.04"]
[SourceQuality "1"]

1. e4 c5 2. Nf3 Nc6 3. Nc3 d6 4. d4 cxd4 5. Nxd4 Nf6 6. Bg5 e6 7. Qd2 a6 8. 0-0-0 Bd7 9. f4 Be7 10. Nf3 h6 11. Bxf6 gxf6 12. Kb1 Qa5 13. Bc4 f5 14. exf5 Qxf5 15. Rhe1 Qa5 16. a3 d5 17. f5 0-0-0 18. fxe6 fxe6 19. Ba2 Bf6 20. Ne2 Qxd2 21. Rxd2 b5 22. Nf4 Rde8 23. Rde2 Nd8 24. Nh5 Ref8 25. Nxf6 Rxf6 26. Ne5 h5 27. h3 Kc7 28. b3 Nc6 29. Nf3 Rg8 30. c4 bxc4 31. bxc4 d4 32. c5 Rb8+ 33. Kc1 Rb5 34. Bxe6 Rxc5+ 35. Kb2 d3 36. Re3 Rc2+ 37. Kb1 d2 38. Bxd7 dxe1Q+ 39. Nxe1 Rd2 40. Bxc6 Kxc6 41. Kc1 Rdf2 42. g4 hxg4 43. hxg4 Rg6 44. Nd3 Rf1+ 45. Kc2 Kd5 46. Re5+ Kd4 47. Ra5 Rc6+ 48. Kd2 Rh1 49. Ra4+ Rc4 50. Nb4 Rh2+ 51. Kd1 Kc3 52. Rxa6 Rxg4 53. Rc6+ Kb3 54. Re6 Kxa3 55. Nc2+ Ka4 56. Re3 Kb5 57. Re6 Rg1+ 58. Ne1 Ra2 59. Re4 Rh1 60. Re6 Kc4 61. Re8 0-1

[Event "SLO-chT2"]
[Site "Ljubljana"]
[Date "2007.11.23"]
[Round "6.6"]
[White "Juhant, Igor"]
[Black "Ravnik, Franc"]
[Result "1-0"]
[WhiteElo "1914"]
[BlackElo "2000"]
[PlyCount "113"]
[EventDate "2007.11.15"]
[EventType "team-tourn"]
[EventRounds "9"]
[EventCountry "SLO"]
[SourceTitle "CBM 121 Extra"]
[Source "ChessBase"]
[SourceDate "2008.01.10"]
[SourceVersion "1"]
[SourceVersionDate "2008.01.10"]
[SourceQuality "1"]
[WhiteTeam "Komenda"]
[BlackTeam "Jesenice"]
[WhiteTeamCountry "SLO"]
[BlackTeamCountry "SLO"]

1. e4 Nf6 2. e5 Nd5 3. d4 d6 4. Nf3 g6 5. c4 Nb6 6. Nc3 Bg7 7. Bf4 0-0 8. Be2 Nc6 9. exd6 cxd6 10. h3 Bf5 11. 0-0 a6 12. Rc1 e5 13. Bg5 Qd7 14. dxe5 dxe5 15. Qxd7 Bxd7 16. Ne4 f6 17. Be3 Nc8 18. Nc5 Be8 19. Rfd1 b6 20. Ne6 Rf7 21. c5 b5 22. Nd2 f5 23. Nb3 h6 24. Nd8 Nxd8 25. Rxd8 Nb6 26. Rxe8+ Rxe8 27. cxb6 f4 28. Bc5 e4 29. Na5 Bxb2 30. Rc2 Be5 31. Nc6 Bf6 32. a4 f3 33. Bf1 Rd7 34. axb5 axb5 35. Bxb5 Rd1+ 36. Kh2 Rb1 37. Bc4+ Kg7 38. Be3 Ra8 39. Rc1 Rb2 40. Bd5 Rc8 41. Bxe4 Re8 42. Bxf3 Rxe3 43. fxe3 Rxb6 44. Rc5 h5 45. Nd4 h4 46. Kg1 Rb2 47. Kf1 Kh6 48. Nc2 Rb3 49. Rc6 Kg7 50. Ke2 Be5 51. Be4 Bf6 52. Ne1 Rb4 53. Bf3 Kf7 54. Nd3 Ra4 55. Nf4 g5 56. Rc7+ Kf8 57. Ng6+ 1-0

[Event "SLO-chT2"]
[Site "Ljubljana"]
[Date "2007.11.16"]
[Round "2.6"]
[White "Ravnik, Franc"]
[Black "Djuric, Petar2"]
[Result "1-0"]
[WhiteElo "2000"]
[BlackElo "1583"]
[PlyCount "119"]
[EventDate "2007.11.15"]
[EventType "team-tourn"]
[EventRounds "9"]
[EventCountry "SLO"]
[SourceTitle "CBM 121 Extra"]
[Source "ChessBase"]
[SourceDate "2008.01.10"]
[SourceVersion "1"]
[SourceVersionDate "2008.01.10"]
[SourceQuality "1"]
[WhiteTeam "Jesenice"]
[BlackTeam "Kranj Stari Mayr"]
[WhiteTeamCountry "SLO"]
[BlackTeamCountry "SLO"]

1. e4 c5 2. Nf3 Nc6 3. d4 cxd4 4. Nxd4 g6 5. Nxc6 bxc6 6. Qd4 f6 7. Bc4 e5 8. Qd3 Bc5 9. Bxg8 Qb6 10. 0-0 Rxg8 11. c4 Ba6 12. Nc3 Bd4 13. Rb1 Qb4 14. Rd1 Bxc4 15. Qd2 0-0-0 16. Qc2 f5 17. Bd2 Qb6 18. Be1 fxe4 19. Qxe4 Rgf8 20. Qc2 d5 21. b3 Ba6 22. a4 Qc5 23. b4 Qc4 24. b5 cxb5 25. axb5 Bb7 26. Rdc1 Kb8 27. Qd1 Qc5 28. Rc2 Rc8 29. Rbc1 Qe7 30. Na2 Qd7 31. Qe2 Rxc2 32. Rxc2 Rc8 33. Nb4 e4 34. Qd2 Rxc2 35. Nxc2 Bb6 36. Nd4 Bxd4 37. Qxd4 Qxb5 38. Qe5+ Kc8 39. Qh8+ Kc7 40. Qxh7+ Qd7 41. Qxg6 Bc6 42. h4 d4 43. h5 e3 44. fxe3 dxe3 45. Qg3+ Kb7 46. Qxe3 Qd5 47. Qe2 Qd4+ 48. Bf2 Qa1+ 49. Kh2 Qf6 50. Qe3 Qd6+ 51. Bg3 Qd5 52. Qe7+ Ka6 53. Qe2+ Kb7 54. h6 Qf5 55. Qe7+ Ka6 56. h7 Qd5 57. Qe2+ Bb5 58. Qf3 Qd4 59. Qa3+ Kb7 60. Qf8 1-0

[Event "Feffernitz Raika op 16th"]
[Site "Feffernitz"]
[Date "2007.08.25"]
[Round "8"]
[White "Pacher, Simon"]
[Black "Ravnik, Franc"]
[Result "1-0"]
[WhiteElo "1850"]
[BlackElo "1996"]
[PlyCount "88"]
[EventDate "2007.08.19"]
[EventType "swiss"]
[EventRounds "9"]
[EventCountry "AUT"]
[SourceTitle "EXT 2008"]
[Source "ChessBase"]
[SourceDate "2007.11.25"]
[SourceVersion "1"]
[SourceVersionDate "2007.11.25"]
[SourceQuality "1"]

1. e4 c5 2. Nf3 g6 3. d4 cxd4 4. Nxd4 Nf6 5. Nc3 d6 6. Be3 Bg7 7. Qd2 Ng4 8. Bg5 Qb6 9. Ndb5 Nf6 10. Bxf6 Bxf6 11. Nd5 Qd8 12. Nbc7+ Kf8 13. Nxa8 Bxb2 14. Rb1 Bg7 15. Bc4 e6 16. Ndc7 b6 17. Rd1 Ke7 18. Nb5 Bb7 19. Nxd6 Bxa8 20. Qb4 Qc7 21. f4 Qc5 22. Qxc5 bxc5 23. 0-0 Bd4+ 24. Kh1 Nd7 25. Nb5 Bxe4 26. Nxd4 cxd4 27. Rxd4 Bxc2 28. Rc1 Rb8 29. h3 Ba4 30. Bxe6 fxe6 31. Rxa4 Rb7 32. Rc6 Nb6 33. Re4 Nd5 34. Rexe6+ Kf7 35. Rcd6 Ne7 36. Re2 Nf5 37. Rd3 a6 38. g4 Ne7 39. Red2 Rb4 40. Rd7 Ke6 41. R2d6+ Kf7 42. Rxa6 Rxf4 43. Rda7 Re4 44. a4 Re6 1-0